000 00351nam a2200133Ia 4500
005 20260326100037.0
008 260326s9999||||xx |||||||||||||| ||und||
100 _aRasmussen, Steen Eiler
245 0 _aLa Experiencia de la Arquitectura /
_cSteen Eiler Rasmussen
260 _bLabor
300 _a243 p.
650 _aARQUITECTURA-GENERAL
942 _cBK
999 _c6852
_d6852